Adobe photoshop 4.0 những bài thực hành
Đã lưu trong:
| Príomhúdar: | |
|---|---|
| Formáid: | Leabhar |
| Teanga: | Undetermined |
| Foilsithe: |
Tp. HCM
Thống Kê
1998
|
| Ábhair: | |
| Clibeanna: |
Cuir Clib Leis
Gan Chlibeanna, Bí ar an gcéad duine leis an taifead seo a chlibeáil!
|
| Thư viện lưu trữ: | Trung tâm Học liệu Trường Đại học Cần Thơ |
|---|
| LEADER | 00558nam a2200181Ia 4500 | ||
|---|---|---|---|
| 001 | CTU_27063 | ||
| 008 | 210402s9999 xx 000 0 und d | ||
| 082 | |a 005.3 | ||
| 082 | |b A239 | ||
| 100 | |a Adobe photoshop 4.0 | ||
| 245 | 0 | |a Adobe photoshop 4.0 | |
| 245 | 0 | |b những bài thực hành | |
| 245 | 0 | |c Adobe photoshop 4.0; Dịch giả: VN-Guide | |
| 260 | |a Tp. HCM | ||
| 260 | |b Thống Kê | ||
| 260 | |c 1998 | ||
| 650 | |a application software,computer graphics - computer programs | ||
| 980 | |a Trung tâm Học liệu Trường Đại học Cần Thơ | ||